[Event "GRE-chT 50th"]
[Site "Nikaia"]
[Date "2023.08.26"]
[Round "3.9"]
[White "Tzortzatos, Dimosthenis Panagio"]
[Black "Kiryttopoulos, Panagiotis Aris"]
[Result "1-0"]
[WhiteElo "2039"]
[BlackElo "1502"]
[PlyCount "75"]
[EventDate "2023.08.25"]
[EventType "team"]
[EventRounds "9"]
[EventCountry "GRE"]
[SourceTitle "EXT 2024"]
[Source "ChessBase"]
[SourceDate "2023.10.10"]
[SourceVersion "1"]
[SourceVersionDate "2023.10.10"]
[SourceQuality "1"]
[WhiteTeam "Kallithea"]
[BlackTeam "Khalandrii"]
[WhiteTeamCountry "GRE"]
[BlackTeamCountry "GRE"]

1. e4 c5 2. Nf3 e6 3. d4 cxd4 4. Nxd4 a6 5. Bd3 Qc7 6. Nc3 Nf6 7. 0-0 d6 8. a4 b6 9. Be3 Bb7 10. f4 Nbd7 11. f5 e5 12. Nb3 Nc5 13. Qf3 Qc6 14. Nxc5 dxc5 15. Bc4 Be7 16. Bg5 Ng8 17. Qh5 0-0-0 18. Bxe7 Nxe7 19. Qxf7 Qf6 20. Qh5 Rd4 21. Qe2 Rhd8 22. Rad1 Qd6 23. Bxa6 Rd2 24. Nb5 Qd7 25. Rxd2 Qxd2 26. Bxb7+ Kxb7 27. Qg4 Ka6 28. h3 Qxc2 29. Qxg7 Rd1 30. Rxd1 Qxd1+ 31. Kh2 Qd2 32. Qxe5 Nc6 33. Qd6 Nd4 34. Nxd4 cxd4 35. f6 Qf2 36. b4 Kb7 37. Qd7+ Kb8 38. Qf5 1-0

[Event "GRE-ch U16"]
[Site "Peristeri"]
[Date "2023.07.05"]
[Round "4"]
[White "Tzortzatos, Dimosthenis Panagio"]
[Black "Koutras, Konstantinos"]
[Result "1-0"]
[WhiteElo "1832"]
[BlackElo "1692"]
[PlyCount "169"]
[EventDate "2023.07.03"]
[EventType "swiss"]
[EventRounds "9"]
[EventCountry "GRE"]
[SourceTitle "EXT 2024"]
[Source "ChessBase"]
[SourceDate "2023.10.10"]
[SourceVersion "1"]
[SourceVersionDate "2023.10.10"]
[SourceQuality "1"]

1. e4 c5 2. Nc3 Nc6 3. Nge2 e5 4. Ng3 Nf6 5. Bc4 d6 6. d3 Be6 7. Bg5 Be7 8. h4 0-0 9. Nf5 Nd4 10. Nxe7+ Qxe7 11. Nd5 Bxd5 12. Bxd5 Rab8 13. c3 Ne6 14. Bb3 h6 15. Be3 Kh7 16. Qf3 Rfd8 17. g4 g6 18. Bxh6 Kxh6 19. g5+ Kg7 20. Bxe6 Qxe6 21. gxf6+ Qxf6 22. Qg3 Rh8 23. h5 Rh6 24. Ke2 Rbh8 25. Qf3 Rxh5 26. Rxh5 Rxh5 27. Qxf6+ Kxf6 28. a4 Ke6 29. b4 Kd7 30. b5 Rh3 31. c4 Ke6 32. Rg1 Kf6 33. a5 g5 34. a6 b6 35. Rg2 Kg6 36. Rg1 Kh5 37. Rg2 g4 38. Rg1 Kg5 39. Rg2 Kf4 40. Rg1 f6 41. Rf1 Rh2 42. Rg1 Rh4 43. Rf1 Rh3 44. Rg1 Rh2 45. Ke1 Rh3 46. Ke2 f5 47. exf5 Kxf5 48. Rg2 Kf4 49. Rg1 Rh6 50. Rg2 Rh1 51. Rg3 Ra1 52. Re3 Rh1 53. Re4+ Kf5 54. f3 Rh2+ 55. Ke3 gxf3 56. Kxf3 Rd2 57. Ke3 Rh2 58. Kf3 Rh1 59. Ke2 Kg5 60. Kd2 Rh2+ 61. Kc3 Rh4 62. Re2 Kf6 63. Rg2 Kf7 64. Rf2+ Ke7 65. Rf5 Rh3 66. Kc2 Rh2+ 67. Kc3 Ke6 68. Rf8 Rh7 69. Rb8 Rc7 70. Kd2 Kd7 71. Rh8 Ke6 72. Rh6+ Ke7 73. Ke3 Rd7 74. Ke4 Rd8 75. Rh7+ Ke6 76. Rxa7 d5+ 77. cxd5+ Rxd5 78. Re7+ Kd6 79. Rd7+ Kxd7 80. Kxd5 Kc8 81. Kc6 Kb8 82. Kxb6 e4 83. a7+ Ka8 84. Ka6 exd3 85. b6 1-0

[Event "GRE-ch U16"]
[Site "Peristeri"]
[Date "2023.07.04"]
[Round "2"]
[White "Tzortzatos, Dimosthenis Panagio"]
[Black "Poupalos, Nikolaos"]
[Result "0-1"]
[WhiteElo "1832"]
[BlackElo "2030"]
[PlyCount "96"]
[EventDate "2023.07.03"]
[EventType "swiss"]
[EventRounds "9"]
[EventCountry "GRE"]
[SourceTitle "EXT 2024"]
[Source "ChessBase"]
[SourceDate "2023.10.10"]
[SourceVersion "1"]
[SourceVersionDate "2023.10.10"]
[SourceQuality "1"]

1. e4 c5 2. Nf3 d6 3. d4 cxd4 4. Nxd4 Nf6 5. Nc3 a6 6. Bg5 Nbd7 7. Qe2 h6 8. Bh4 g6 9. f4 e5 10. fxe5 dxe5 11. 0-0-0 Qc7 12. Nb3 b5 13. Qf3 Bg7 14. a3 0-0 15. Bd3 Rb8 16. Nd5 Nxd5 17. exd5 Nc5 18. Nxc5 Qxc5 19. Bf2 Qd6 20. b4 f5 21. Bc5 Qf6 22. Bxf8 Bxf8 23. Rhf1 Bg7 24. Be4 Qd6 25. g4 fxe4 26. Qf7+ Kh7 27. g5 Rb7 28. Qf2 Rc7 29. Qe2 Bf5 30. Qe3 hxg5 31. Kb2 g4 32. h3 Bh6 33. Qg3 e3 34. Rxf5 gxf5 35. hxg4 f4 36. Qg2 Bg7 37. Rh1+ Kg8 38. Qe4 Rc4 39. Qh7+ Kf8 40. Rh5 Rc7 41. Qf5+ Qf6 42. d6 e4+ 43. c3 Rd7 44. Qc5 Qxd6 45. Qc8+ Rd8 46. Qf5+ Qf6 47. Qc5+ Kg8 48. Rf5 Qxc3+ 0-1

[Event "GRE-ch U16"]
[Site "Peristeri"]
[Date "2023.07.03"]
[Round "1"]
[White "Styfougias, Evangelos"]
[Black "Tzortzatos, Dimosthenis Panagio"]
[Result "0-1"]
[WhiteElo "1474"]
[BlackElo "1832"]
[PlyCount "82"]
[EventDate "2023.07.03"]
[EventType "swiss"]
[EventRounds "9"]
[EventCountry "GRE"]
[SourceTitle "EXT 2024"]
[Source "ChessBase"]
[SourceDate "2023.10.10"]
[SourceVersion "1"]
[SourceVersionDate "2023.10.10"]
[SourceQuality "1"]

1. e4 e5 2. Nf3 Nc6 3. d4 exd4 4. Nxd4 Nf6 5. Nxc6 bxc6 6. e5 Qe7 7. Qe2 Nd5 8. c4 Ba6 9. b3 g6 10. Bb2 Bg7 11. Nd2 Nb4 12. Ne4 0-0 13. f4 d5 14. exd6 cxd6 15. Bxg7 Kxg7 16. 0-0-0 d5 17. Nc3 Qxe2 18. Bxe2 Rfe8 19. Bf1 dxc4 20. Bxc4 Bxc4 21. bxc4 Re3 22. a3 Rxc3+ 23. Kb2 Rxc4 24. axb4 Rxb4+ 25. Kc3 Rxf4 26. Rd6 Rf6 27. Rxf6 Kxf6 28. Rf1+ Kg7 29. Rf4 Re8 30. Kd3 Re5 31. Rc4 Rd5+ 32. Ke3 c5 33. Ra4 Rd7 34. Ra5 Rc7 35. Kd3 c4+ 36. Kc3 h5 37. Ra4 g5 38. Ra5 f6 39. h4 Kg6 40. hxg5 fxg5 41. Ra6+ Kf5 0-1

[Event "GRE-ch U14"]
[Site "Thessaloniki"]
[Date "2022.08.19"]
[Round "2"]
[White "Tzortzatos, Dimosthenis Panagio"]
[Black "Mylonakis, Ioannis Georg"]
[Result "1/2-1/2"]
[WhiteElo "1863"]
[BlackElo "1738"]
[PlyCount "84"]
[EventDate "2022.08.18"]
[EventType "swiss"]
[EventRounds "9"]
[EventCountry "GRE"]
[SourceTitle "EXT 2023"]
[Source "ChessBase"]
[SourceDate "2022.10.05"]
[SourceVersion "1"]
[SourceVersionDate "2022.10.05"]
[SourceQuality "1"]

1. e4 c6 2. d4 d5 3. Nc3 dxe4 4. Nxe4 Nf6 5. Nxf6+ exf6 6. Be3 Bd6 7. Bd3 0-0 8. Ne2 Bf5 9. Bxf5 Qa5+ 10. Qd2 Qxf5 11. 0-0-0 Rd8 12. Ng3 Qd5 13. Kb1 Na6 14. c3 b5 15. Qc2 Nc7 16. Nf5 Ne6 17. Rhe1 Bf8 18. Bc1 c5 19. dxc5 Qxc5 20. Be3 Qc7 21. g3 a5 22. Rxd8 Rxd8 23. Rd1 Rxd1+ 24. Qxd1 Qe5 25. Nd4 Qe4+ 26. Qc2 Qh1+ 27. Qc1 Qe4+ 28. Ka1 b4 29. Nxe6 fxe6 30. c4 Qc6 31. c5 a4 32. f3 Kf7 33. Qc4 a3 34. Kb1 Qxf3 35. c6 Qxe3 36. c7 Qe1+ 37. Qc1 Qe4+ 38. Ka1 axb2+ 39. Kxb2 Qd4+ 40. Kb1 Qe4+ 41. Qc2 Qe1+ 42. Kb2 Qe5+ 1/2-1/2

[Event "GRE-ch Online Blitz op 1st"]
[Site "Tornelo INT"]
[Date "2021.02.07"]
[Round "2"]
[White "Merkouropoulos, Dionysios"]
[Black "Tzortzatos, Dimosthenis Panagio"]
[Result "0-1"]
[WhiteElo "1081"]
[BlackElo "1562"]
[PlyCount "120"]
[EventDate "2021.02.07"]
[EventType "swiss (blitz)"]
[EventRounds "16"]
[EventCountry "GRE"]
[SourceTitle "EXT 2023"]
[Source "ChessBase"]
[SourceDate "2022.10.05"]
[SourceVersion "1"]
[SourceVersionDate "2022.10.05"]
[SourceQuality "1"]

1. d4 Nf6 2. c4 e6 3. Nc3 d5 4. cxd5 exd5 5. Bg5 Be7 6. e3 0-0 7. Bd3 h6 8. Bf4 Nbd7 9. h3 Re8 10. Nf3 Nf8 11. Qc2 Ne6 12. Bh2 Ng5 13. Nxg5 hxg5 14. 0-0-0 Bd6 15. Bxd6 Qxd6 16. h4 g4 17. h5 c5 18. dxc5 Qxc5 19. h6 Ne4 20. Bxe4 dxe4 21. h7+ Kh8 22. Rd5 Qc6 23. Rhd1 Be6 24. Rd6 Qc7 25. Nxe4 Qxc2+ 26. Kxc2 Bf5 27. f3 gxf3 28. gxf3 Bxh7 29. R6d4 Rac8+ 30. Kb1 Bxe4+ 31. Rxe4 Rxe4 32. fxe4 Rc7 33. a3 Re7 34. Rd4 g6 35. Kc2 Kg7 36. Kd3 Kf6 37. Rd6+ Re6 38. Rd7 Re7 39. Rd8 g5 40. Rg8 Rd7+ 41. Ke2 Re7 42. Kf3 Rc7 43. Rd8 Rc2 44. Rd6+ Ke7 45. Rd5 Rxb2 46. Rxg5 Rb3 47. Ra5 a6 48. Kf4 Rb6 49. e5 Re6 50. Kf5 f6 51. exf6+ Rxf6+ 52. Ke4 Re6+ 53. Kd3 Kd6 54. Ke2 Kc6 55. Rg5 b5 56. Rf5 a5 57. a4 bxa4 58. Rxa5 Re4 59. Kd3 Rb4 60. Kc3 Re4 0-1

[Event "GRE-ch Online Blitz op 1st"]
[Site "Tornelo INT"]
[Date "2021.02.07"]
[Round "8"]
[White "Pavlidis, Anastasios"]
[Black "Tzortzatos, Dimosthenis Panagio"]
[Result "1-0"]
[WhiteElo "2136"]
[BlackElo "1562"]
[PlyCount "54"]
[EventDate "2021.02.07"]
[EventType "swiss (blitz)"]
[EventRounds "16"]
[EventCountry "GRE"]
[SourceTitle "EXT 2023"]
[Source "ChessBase"]
[SourceDate "2022.10.05"]
[SourceVersion "1"]
[SourceVersionDate "2022.10.05"]
[SourceQuality "1"]

1. d4 Nf6 2. c4 e6 3. Nf3 d5 4. Nc3 Be7 5. Bf4 0-0 6. e3 c5 7. dxc5 Bxc5 8. a3 a5 9. Qc2 Nc6 10. Rd1 d4 11. exd4 Bxd4 12. Nb5 e5 13. Bg5 Qb6 14. Bxf6 Bxf2+ 15. Qxf2 Nd4 16. Nbxd4 gxf6 17. Nb5 Qc6 18. Rd6 Qe8 19. Rxf6 e4 20. Ng5 Bg4 21. Qh4 h5 22. Nh7 Qd8 23. Qg5+ Kh8 24. Rd6 Qxg5 25. Nxg5 f5 26. h3 f4 27. hxg4 f3 1-0

[Event "GRE-ch Online Blitz op 1st"]
[Site "Tornelo INT"]
[Date "2021.02.07"]
[Round "1"]
[White "Tzortzatos, Dimosthenis Panagio"]
[Black "Kapnakis, Konstantinos"]
[Result "1-0"]
[WhiteElo "1562"]
[BlackElo "1044"]
[PlyCount "59"]
[EventDate "2021.02.07"]
[EventType "swiss (blitz)"]
[EventRounds "16"]
[EventCountry "GRE"]
[SourceTitle "EXT 2023"]
[Source "ChessBase"]
[SourceDate "2022.10.05"]
[SourceVersion "1"]
[SourceVersionDate "2022.10.05"]
[SourceQuality "1"]

1. e4 e6 2. d4 d5 3. Nd2 c5 4. exd5 exd5 5. Ngf3 Nc6 6. dxc5 Bxc5 7. Nb3 Be7 8. Bd3 Nf6 9. 0-0 0-0 10. a3 d4 11. Bb5 Bg4 12. Bxc6 Bxf3 13. Bxf3 Rb8 14. Qxd4 Qxd4 15. Nxd4 Rfd8 16. c3 Bc5 17. Bf4 Bd6 18. Bxd6 Rxd6 19. Rad1 b6 20. Nc6 Rxd1 21. Rxd1 Re8 22. Rd8 Rxd8 23. Nxd8 Kf8 24. Nc6 a5 25. b4 axb4 26. axb4 Ne8 27. c4 Nd6 28. c5 bxc5 29. bxc5 Nc4 30. Kf1 1-0

[Event "GRE-ch Online Rapid op 1st"]
[Site "Tornelo INT"]
[Date "2021.02.06"]
[Round "3"]
[White "Tripolitaki, Eirini"]
[Black "Tzortzatos, Dimosthenis Panagio"]
[Result "0-1"]
[WhiteElo "1056"]
[BlackElo "1254"]
[PlyCount "106"]
[EventDate "2021.02.06"]
[EventType "swiss (rapid)"]
[EventRounds "8"]
[EventCountry "GRE"]
[SourceTitle "EXT 2023"]
[Source "ChessBase"]
[SourceDate "2022.10.05"]
[SourceVersion "1"]
[SourceVersionDate "2022.10.05"]
[SourceQuality "1"]

1. e4 c5 2. Nf3 d6 3. d4 cxd4 4. Nxd4 Nf6 5. Nc3 a6 6. f3 e5 7. Nb3 Be7 8. Be3 Be6 9. Qd2 d5 10. 0-0-0 d4 11. Bf2 dxc3 12. Qxc3 Qc8 13. Qxc8+ Bxc8 14. Na5 Nc6 15. Nc4 0-0 16. Bb6 Be6 17. Ne3 Nd7 18. Bc7 Rac8 19. Bd6 Bxd6 20. Rxd6 Rfd8 21. Be2 Nb6 22. Rhd1 Rxd6 23. Rxd6 Rd8 24. Rxd8+ Nxd8 25. g4 Nc6 26. h4 Nd4 27. Bd1 Nc4 28. Nxc4 Bxc4 29. c3 Ne6 30. b3 Bb5 31. c4 Bc6 32. Kb2 Nd4 33. Kc3 b5 34. c5 g6 35. Kb4 f5 36. gxf5 gxf5 37. exf5 Nxf5 38. Ka5 Nxh4 39. Kxa6 Nxf3 40. Bxf3 Bxf3 41. Kxb5 h5 42. a4 h4 43. a5 h3 44. a6 h2 45. c6 Bxc6+ 46. Kxc6 h1Q+ 47. Kd6 e4 48. Kc7 e3 49. Kb8 e2 50. a7 e1Q 51. a8Q Qe8+ 52. Ka7 Qexa8+ 53. Kb6 Qhc6# 0-1

[Event "GRE-ch South U12"]
[Site "Athens"]
[Date "2020.08.29"]
[Round "2"]
[White "Tzortzatos, Dimosthenis Panagio"]
[Black "Mourelatos, Spyridon"]
[Result "1/2-1/2"]
[WhiteElo "1416"]
[BlackElo "1669"]
[PlyCount "90"]
[EventDate "2020.08.28"]
[EventType "swiss"]
[EventRounds "9"]
[EventCountry "GRE"]
[SourceTitle "EXT 2023"]
[Source "ChessBase"]
[SourceDate "2022.10.05"]
[SourceVersion "1"]
[SourceVersionDate "2022.10.05"]
[SourceQuality "1"]

1. e4 e5 2. Nf3 Nc6 3. Bb5 a6 4. Ba4 Nf6 5. 0-0 Be7 6. Re1 d6 7. c3 0-0 8. h3 b5 9. Bb3 Bb7 10. d4 exd4 11. cxd4 h6 12. Nbd2 Re8 13. Nf1 Bf8 14. Ng3 Na5 15. Bc2 g6 16. a4 b4 17. d5 c5 18. dxc6 Nxc6 19. Nd4 d5 20. Nxc6 Bxc6 21. e5 Ne4 22. Nxe4 dxe4 23. Bf4 Qxd1 24. Raxd1 g5 25. Bh2 Rad8 26. Rxd8 Rxd8 27. Rd1 Rxd1+ 28. Bxd1 Bc5 29. Kf1 Bd5 30. b3 Kf8 31. f3 exf3 32. gxf3 Ke7 33. Ke2 Bd4 34. Kd3 Bc3 35. f4 Be6 36. fxg5 hxg5 37. Ke4 Bxh3 38. Bg3 Be6 39. Bf2 f5+ 40. exf6+ Kxf6 41. Bd4+ Bxd4 42. Kxd4 g4 43. Bxg4 Bxg4 44. Kc5 Ke6 45. Kxb4 Kd5 1/2-1/2

[Event "GRE-ch U10"]
[Site "Rio Achaia"]
[Date "2018.07.09"]
[Round "9"]
[White "Tzortzatos, Dimosthenis Panagio"]
[Black "Hartofylakas, Spyros"]
[Result "0-1"]
[WhiteElo "1141"]
[BlackElo "1466"]
[PlyCount "76"]
[EventDate "2018.07.03"]
[EventType "swiss"]
[EventRounds "9"]
[EventCountry "GRE"]
[SourceTitle "EXT 2019"]
[Source "ChessBase"]
[SourceDate "2018.10.10"]
[SourceVersion "1"]
[SourceVersionDate "2018.10.10"]
[SourceQuality "1"]

1. e4 e5 2. Nf3 Nc6 3. Bc4 Bc5 4. d3 Nf6 5. Be3 Bb6 6. Nc3 d6 7. 0-0 0-0 8. Bxb6 axb6 9. h3 Be6 10. Bb3 Re8 11. Re1 h6 12. Bxe6 fxe6 13. d4 exd4 14. Nxd4 Nd7 15. f4 Qf6 16. Nxc6 bxc6 17. e5 Qxf4 18. Re4 Qf8 19. exd6 cxd6 20. Qd2 d5 21. Rf1 Qc5+ 22. Kh1 dxe4 23. Qxd7 Re7 24. Qd2 e3 25. Qe2 Rd8 26. a3 Rd2 27. Qf3 Qf5 28. Qxf5 exf5 29. Re1 Rxc2 30. Nd1 e2 31. Nf2 Rxb2 32. g4 f4 33. g5 hxg5 34. h4 gxh4 35. a4 f3 36. a5 bxa5 37. Kg1 Rd2 38. Kh1 Red7 0-1

[Event "GRE-ch U10"]
[Site "Rio Achaia"]
[Date "2018.07.06"]
[Round "5"]
[White "Tzortzatos, Dimosthenis Panagio"]
[Black "Poupalos, Nikolaos"]
[Result "0-1"]
[WhiteElo "1141"]
[BlackElo "1188"]
[PlyCount "34"]
[EventDate "2018.07.03"]
[EventType "swiss"]
[EventRounds "9"]
[EventCountry "GRE"]
[SourceTitle "EXT 2019"]
[Source "ChessBase"]
[SourceDate "2018.10.10"]
[SourceVersion "1"]
[SourceVersionDate "2018.10.10"]
[SourceQuality "1"]

1. e4 c5 2. Nf3 e6 3. d4 cxd4 4. Nxd4 Nc6 5. Nc3 Qc7 6. Ndb5 Qb8 7. Be3 Nf6 8. a3 a6 9. Nd4 Be7 10. Be2 0-0 11. 0-0 Nxd4 12. Qxd4 d6 13. Na4 Qc7 14. Nb6 Rb8 15. Nxc8 Rbxc8 16. Rac1 d5 17. Bf4 Qxf4 0-1